00425ntaaa2200157 45000030003000000050017000030080021000200400037000410820017000781000031000952450032001262500010001582600066001683000010002346500023002440120251027203001.00714s1973 ag 01  aAR-BaBNbspacAR-BaBNeaacrdRIC a982.6600 M52 aMenéndez, Armando Braun  aPequeña historia fueguina a1 ed. aBuenos Aires : bEditorial Francisco de Aguirre, c1939, 1971 a238 p ahistoria-Argentina